=LDR 00000nam 2200000 4500 =001 INLIS000000000061925 =005 20230131080810 =035 ##$$a 0010-0123000027 =007 ta =008 230131################c##########f#ind## =020 ##$$a 979-20-1044-0 =082 ##$$a 741.5 =084 ##$$a 741.5 SEI k =100 #$$a Seimaru Amagi =245 1#$$a Kindaichi Case 3A : $b Legenda Harta Karun Amakusa /$c Seimaru Amagi, Fumiya Sato =260 ##$$a Jakarta :$b Elex Media komputindo,$c 2002 =300 ##$$a 212 halaman : $b Ilus. ; $c 18 cm =650 #4$$a Komik - Bacaan =990 ##$$a 3202300012